[Event "FRA-chT Top 12 (Women) GpA"]
[Site "Bennwihr"]
[Date "2011.02.13"]
[Round "4.4"]
[White "Pierret, Aralia"]
[Black "Klipper, Rebecca"]
[Result "0-1"]
[WhiteElo "1760"]
[BlackElo "1978"]
[PlyCount "74"]
[EventDate "2011.02.11"]
[EventType "team-tourn"]
[EventRounds "5"]
[EventCountry "FRA"]
[SourceTitle "EXT 2012"]
[Source "ChessBase"]
[SourceDate "2011.11.24"]
[SourceVersion "1"]
[SourceVersionDate "2011.11.24"]
[SourceQuality "1"]
[WhiteTeam "Tours de Haute Picardie (W)"]
[BlackTeam "Vandoeuvre (W)"]
[WhiteTeamCountry "FRA"]
[BlackTeamCountry "FRA"]

1. e4 c5 2. Nf3 g6 3. g3 Bg7 4. Bg2 Nc6 5. 0-0 d6 6. d3 Bg4 7. Nbd2 Qd7 8. Re1 h5 9. h4 Nf6 10. c3 e5 11. Nf1 Nh7 12. Ne3 0-0 13. Nxg4 hxg4 14. Nh2 f5 15. f3 gxf3 16. Qxf3 Qe7 17. exf5 gxf5 18. Qh5 Qe8 19. Qxe8 Raxe8 20. Bd2 Nf6 21. Rf1 Nh5 22. Rf3 e4 23. dxe4 fxe4 24. Rxf8+ Bxf8 25. Nf1 d5 26. Re1 Nf6 27. Ne3 d4 28. Nf5 Re5 29. Nh6+ Bxh6 30. Bxh6 e3 31. Bf4 Re8 32. Bd6 Ne4 33. Bxe4 Rxe4 34. Bxc5 Ne5 35. Rf1 e2 36. Re1 Nd3 37. Bxd4 Nxe1 0-1

[Event "FRA-chT2 0910"]
[Site "France"]
[Date "2009.12.12"]
[Round "5.3"]
[White "Klipper, Rebecca"]
[Black "Prost, Frederic"]
[Result "1/2-1/2"]
[WhiteElo "2010"]
[BlackElo "2141"]
[PlyCount "137"]
[EventDate "2009.09.27"]
[EventType "team-tourn"]
[EventRounds "11"]
[EventCountry "FRA"]
[SourceTitle "EXT 2011"]
[Source "ChessBase"]
[SourceDate "2010.11.26"]
[SourceVersion "1"]
[SourceVersionDate "2010.11.26"]
[SourceQuality "1"]

1. d4 Nf6 2. Nf3 g6 3. e3 Bg7 4. b3 0-0 5. Bb2 d6 6. Nbd2 Nbd7 7. Be2 Re8 8. 0-0 c5 9. c4 e5 10. dxe5 dxe5 11. Qc2 e4 12. Ng5 Qe7 13. Nh3 b6 14. Nf4 Bb7 15. Rad1 Nf8 16. Nb1 Ne6 17. Nd5 Bxd5 18. cxd5 Nf8 19. d6 Qe6 20. Bc4 Qg4 21. Nc3 Re5 22. Nd5 Rf5 23. Ne7+ Kh8 24. Nxf5 gxf5 25. Bxf7 Rd8 26. f3 Qg5 27. f4 Qh4 28. Qf2 Qxf2+ 29. Rxf2 Ng4 30. Re2 Bxb2 31. Rxb2 Nxe3 32. Re1 Ng4 33. Rd2 Kg7 34. Bc4 Ng6 35. g3 Kf6 36. h3 Nh6 37. Kg2 Nf7 38. Bxf7 Kxf7 39. a4 Nf8 40. Rd5 Kf6 41. Red1 Ne6 42. Kf2 h5 43. Ke3 Rd7 44. b4 cxb4 45. Rb5 b3 46. Rxb3 Nc5 47. Rb4 Rg7 48. Rg1 Ke6 49. Rd4 Kd7 50. Rd5 Rf7 51. a5 Kc6 52. d7 Nxd7 53. Rgd1 Nc5 54. Rd6+ Kc7 55. axb6+ axb6 56. Rg6 h4 57. gxh4 Rh7 58. Rdd6 Rxh4 59. Rh6 Rxh3+ 60. Rxh3 Kxd6 61. Rh6+ Ke7 62. Rxb6 Ne6 63. Rb5 Kf6 64. Re5 Nf8 65. Kf2 Ng6 66. Ra5 Nxf4 67. Ke3 Kg5 68. Re5 Kg4 69. Rxe4 1/2-1/2

[Event "EU-Cup (Women) 13th"]
[Site "Kallithea"]
[Date "2008.10.21"]
[Round "5"]
[White "Vujic Katanic, Branka"]
[Black "Klipper, Rebecca"]
[Result "0-1"]
[WhiteElo "2107"]
[BlackElo "2023"]
[PlyCount "82"]
[EventDate "2008.10.17"]
[EventType "team-swiss"]
[EventRounds "7"]
[EventCountry "GRE"]
[SourceTitle "CBM 126 Extra"]
[Source "ChessBase"]
[SourceDate "2008.11.05"]
[SourceVersion "1"]
[SourceVersionDate "2008.11.05"]
[SourceQuality "1"]
[WhiteTeam "Ugljevik Rudar (W)"]
[BlackTeam "Vandoeuvre (W)"]
[WhiteTeamCountry "BIH"]
[BlackTeamCountry "FRA"]

1. Nf3 c5 2. c4 Nc6 3. Nc3 Nf6 4. d4 cxd4 5. Nxd4 g6 6. e4 d6 7. Be2 Nxd4 8. Qxd4 Bg7 9. Bg5 0-0 10. Qd2 a5 11. 0-0 a4 12. Rab1 Qa5 13. f3 Be6 14. Nd5 Qxd2 15. Bxd2 Nxd5 16. cxd5 Bd4+ 17. Kh1 Bd7 18. Rfc1 Rfc8 19. Rxc8+ Rxc8 20. Bd3 f5 21. h3 fxe4 22. fxe4 b5 23. b3 a3 24. Rc1 Rxc1+ 25. Bxc1 b4 26. g4 Kf7 27. Kg2 Kf6 28. Kf3 g5 29. Bd2 Bc5 30. Bc4 h6 31. Ke2 Ke5 32. Kd3 Be8 33. h4 gxh4 34. Be1 Bg6 35. Bxh4 Bxe4+ 36. Kd2 Kf4 37. Bxe7 Kxg4 38. Be2+ Bf3 39. Bxf3+ Kxf3 40. Kd3 h5 41. Bd8 Kg3 0-1

[Event "EU-Cup (Women) 13th"]
[Site "Kallithea"]
[Date "2008.10.18"]
[Round "2"]
[White "Klipper, Rebecca"]
[Black "Olarasu, Gabriela"]
[Result "1/2-1/2"]
[WhiteElo "2023"]
[BlackElo "2297"]
[PlyCount "125"]
[EventDate "2008.10.17"]
[EventType "team-swiss"]
[EventRounds "7"]
[EventCountry "GRE"]
[SourceTitle "CBM 126 Extra"]
[Source "ChessBase"]
[SourceDate "2008.11.05"]
[SourceVersion "1"]
[SourceVersionDate "2008.11.05"]
[SourceQuality "1"]
[WhiteTeam "Vandoeuvre (W)"]
[BlackTeam "Rudovci Radnicki (W)"]
[WhiteTeamCountry "FRA"]
[BlackTeamCountry "YUG"]

1. d4 d5 2. Nf3 c6 3. e3 Bg4 4. Be2 e6 5. Nbd2 Nd7 6. c3 h6 7. e4 dxe4 8. Nxe4 Ngf6 9. Nxf6+ Nxf6 10. Ne5 Bxe2 11. Qxe2 Bd6 12. f4 0-0 13. 0-0 Re8 14. g4 Nh7 15. g5 Bxe5 16. Qxe5 f6 17. Qe4 fxg5 18. fxg5 Nxg5 19. Qg6 e5 20. Bxg5 Qxg5+ 21. Qxg5 hxg5 22. Rad1 exd4 23. Rxd4 Rad8 24. Rxd8 Rxd8 25. Rf2 Kh7 26. Kg2 Kg6 27. Kg3 Rd5 28. Re2 Rb5 29. Kg4 a5 30. b3 Rc5 31. c4 Rf5 32. Kg3 a4 33. bxa4 Ra5 34. Rb2 Rxa4 35. Rxb7 Rxc4 36. Rc7 Kh5 37. a4 Rc3+ 38. Kg2 Kg4 39. h3+ Rxh3 40. Rxc6 Ra3 41. Rc4+ Kh5 42. Rb4 g4 43. Rb7 Kh4 44. Rb2 Rxa4 45. Rc2 g5 46. Rb2 g3 47. Rc2 Rf4 48. Rc3 Rf2+ 49. Kg1 Kh3 50. Rc8 Rg2+ 51. Kh1 Ra2 52. Rh8+ Kg4 53. Rb8 g2+ 54. Kg1 Kh4 55. Rb3 g4 56. Rc3 Re2 57. Ra3 Kg5 58. Rg3 Kf4 59. Rxg2 Re1+ 60. Kh2 Re3 61. Rf2+ Kg5 62. Kg2 Kh4 63. Ra2 1/2-1/2

[Event "EU-Cup (Women) 13th"]
[Site "Kallithea"]
[Date "2008.10.17"]
[Round "1"]
[White "Klipper, Rebecca"]
[Black "Kovanova, Baira"]
[Result "0-1"]
[WhiteElo "2023"]
[BlackElo "2379"]
[PlyCount "164"]
[EventDate "2008.10.17"]
[EventType "team-swiss"]
[EventRounds "7"]
[EventCountry "GRE"]
[SourceTitle "CBM 126 Extra"]
[Source "ChessBase"]
[SourceDate "2008.11.05"]
[SourceVersion "1"]
[SourceVersionDate "2008.11.05"]
[SourceQuality "1"]
[WhiteTeam "Vandoeuvre (W)"]
[BlackTeam "Saratov Economist (W)"]
[WhiteTeamCountry "FRA"]
[BlackTeamCountry "RUS"]

1. d4 Nf6 2. Nf3 e6 3. e3 b6 4. Nbd2 Bb7 5. Bd3 c5 6. c3 Nc6 7. 0-0 Qc7 8. e4 cxd4 9. Nxd4 Ne5 10. Bc2 Be7 11. f4 Ng6 12. e5 Nd5 13. Ne4 0-0 14. Qh5 f5 15. exf6 Bxf6 16. Ng5 Bxd4+ 17. cxd4 Nf6 18. Qe2 Ne7 19. f5 Nxf5 20. Nxe6 Ng3 21. hxg3 dxe6 22. Bf4 Qc6 23. Rac1 Qd7 24. Be5 Rac8 25. Bb3 Nd5 26. Rxf8+ Rxf8 27. Bxd5 Qxd5 28. Rc7 Rf7 29. Rxf7 Kxf7 30. Qh5+ Kf8 31. Qf3+ Qxf3 32. gxf3 Bxf3 33. Kf2 Bd5 34. a3 Kf7 35. Bb8 a6 36. Bc7 b5 37. Ke3 g5 38. Bd6 h5 39. Bc7 Kg6 40. Bd6 Kf5 41. Bc7 Kg4 42. Kf2 Bc6 43. Bd6 a5 44. Bc7 a4 45. Bd6 Kf5 46. Ke3 Kf6 47. Bc7 Ke7 48. Be5 Bh1 49. Kf2 Be4 50. Ke3 Bf5 51. Bg7 h4 52. gxh4 gxh4 53. Be5 Kd7 54. Kd2 Kc6 55. Kc3 Kd5 56. Kd2 Ke4 57. Ke2 Bg4+ 58. Kf2 Bf3 59. Bf6 h3 60. Be5 Bh1 61. Ke2 Bg2 62. Bh2 Kxd4 63. Bg1+ Ke4 64. Bh2 Bf3+ 65. Kf2 e5 66. Kg3 Bg2 67. Kf2 Kd4 68. Ke1 e4 69. Bf4 Kc4 70. Be5 b4 71. axb4 Kxb4 72. Kf2 Kb3 73. Ke3 Kc2 74. Ke2 Bf3+ 75. Ke3 Kc1 76. Kf2 h2 77. Bxh2 Kxb2 78. Be5+ Ka2 79. Ke3 a3 80. Bd6 Kb2 81. Be5+ Kb1 82. Kd2 a2 0-1

[Event "FRA-chT Top 12 (Women)"]
[Site "Vandoeuvre"]
[Date "2008.05.17"]
[Round "2"]
[White "Klipper, Rebecca"]
[Black "Laurens, Julia"]
[Result "1-0"]
[WhiteElo "2061"]
[BlackElo "2004"]
[PlyCount "75"]
[EventDate "2008.05.16"]
[EventType "team"]
[EventRounds "5"]
[EventCountry "FRA"]
[SourceTitle "CBM 124 Extra"]
[Source "ChessBase"]
[SourceDate "2008.07.03"]
[SourceVersion "1"]
[SourceVersionDate "2008.07.03"]
[SourceQuality "1"]
[WhiteTeam "Vandoeuvre (W)"]
[BlackTeam "Marseille (W)"]
[WhiteTeamCountry "FRA"]
[BlackTeamCountry "FRA"]

1. d4 d5 2. Nf3 Nf6 3. e3 Bg4 4. Be2 Nbd7 5. Nbd2 e6 6. b3 Bd6 7. Bb2 0-0 8. c4 c6 9. Ne5 Bxe2 10. Qxe2 Ne4 11. Nxd7 Qxd7 12. Nxe4 dxe4 13. 0-0 f5 14. f4 a5 15. g4 Qe7 16. g5 Rfd8 17. Rfd1 Qc7 18. d5 cxd5 19. cxd5 e5 20. Rac1 Qe7 21. fxe5 Bxe5 22. h4 Bxb2 23. Qxb2 Qf7 24. Qe5 Re8 25. Qf4 Rad8 26. Rc7 Rd7 27. d6 g6 28. Rdc1 Red8 29. Qe5 b6 30. Rxd7 Qxd7 31. Rc7 Kf7 32. Qf6+ Ke8 33. Qh8+ Kf7 34. Qxh7+ Ke6 35. Qxg6+ Kd5 36. Rxd7 Rxd7 37. Qxf5+ Kxd6 38. Qxe4 1-0

[Event "FRA-chT Top 12 (Women)"]
[Site "Vandoeuvre"]
[Date "2008.05.16"]
[Round "1"]
[White "Lamotte, Gaelle"]
[Black "Klipper, Rebecca"]
[Result "1-0"]
[WhiteElo "1910"]
[BlackElo "2061"]
[PlyCount "97"]
[EventDate "2008.05.16"]
[EventType "team"]
[EventRounds "5"]
[EventCountry "FRA"]
[SourceTitle "CBM 124 Extra"]
[Source "ChessBase"]
[SourceDate "2008.07.03"]
[SourceVersion "1"]
[SourceVersionDate "2008.07.03"]
[SourceQuality "1"]
[WhiteTeam "Besancon (W)"]
[BlackTeam "Vandoeuvre (W)"]
[WhiteTeamCountry "FRA"]
[BlackTeamCountry "FRA"]

1. e4 c5 2. Nc3 a6 3. g3 b5 4. Bg2 Bb7 5. d3 d6 6. f4 b4 7. Nce2 f5 8. Nh3 Nf6 9. Nf2 e6 10. 0-0 d5 11. e5 Nfd7 12. g4 g6 13. Ng3 Qe7 14. c4 Nb6 15. Qc2 h5 16. gxh5 gxh5 17. Qe2 Kd8 18. Nh3 h4 19. Nh5 dxc4 20. dxc4 Bxg2 21. Kxg2 Nc6 22. Be3 Nd4 23. Rad1 Qb7+ 24. Kf2 Kc8 25. Bxd4 cxd4 26. Nf6 Bc5 27. Qd3 Nd7 28. Ng5 Nxf6 29. exf6 Kd7 30. Rde1 Qc7 31. Ke2 Raf8 32. f7 Rh5 33. Rf2 Rxg5 34. fxg5 Rxf7 35. Kd1 Qd8 36. Qe2 Re7 37. Qh5 Qa5 38. b3 e5 39. g6 d3 40. Qxf5+ Kc6 41. Rd2 Bd4 42. Qe4+ Kc7 43. Qxd3 Qb6 44. Rg2 Qf6 45. Rf1 Qc6 46. Qf3 Qd6 47. Qd5 Qxd5 48. cxd5 e4 49. Rf7 1-0

[Event "FRA-chT2 East 0708"]
[Site "France"]
[Date "2008.01.19"]
[Round "5.6"]
[White "Klipper, Rebecca"]
[Black "Kirsch, Bernard"]
[Result "1/2-1/2"]
[WhiteElo "2060"]
[BlackElo "2093"]
[PlyCount "71"]
[EventDate "2007.10.21"]
[EventType "team"]
[EventRounds "11"]
[EventCountry "FRA"]
[SourceTitle "EXT 2009"]
[Source "ChessBase"]
[SourceDate "2008.11.26"]
[SourceVersion "1"]
[SourceVersionDate "2008.11.26"]
[SourceQuality "1"]
[WhiteTeam "Vandoeuvre II"]
[BlackTeam "Metz Fischer II"]
[WhiteTeamCountry "FRA"]
[BlackTeamCountry "FRA"]

1. d4 Nf6 2. Nf3 c5 3. e3 d5 4. c3 Nc6 5. Bd3 Bg4 6. Nbd2 Rc8 7. Qa4 Bd7 8. Bb5 a6 9. Bxc6 Bxc6 10. Qc2 b6 11. Ne5 Bb7 12. Ndf3 e6 13. 0-0 Bd6 14. dxc5 Bxc5 15. Qa4+ b5 16. Qh4 0-0 17. Nd4 Qd6 18. Ng4 Nxg4 19. Qxg4 e5 20. b4 Bxb4 21. cxb4 exd4 22. Bb2 f6 23. Qxd4 Rc4 24. Qd2 Rfc8 25. a3 Rc2 26. Qd4 R8c4 27. Qa7 Bc8 28. Bd4 h5 29. Bc5 Qe6 30. Rad1 Qc6 31. Qe7 Be6 32. f4 d4 33. e4 Qxe4 34. Qe8+ Kh7 35. Qxh5+ Kg8 36. Qe8+ 1/2-1/2

[Event "FRA-chT2 East 0708"]
[Site "France"]
[Date "2007.11.25"]
[Round "3.5"]
[White "Klipper, Rebecca"]
[Black "Brolly, Pierre Louis"]
[Result "1/2-1/2"]
[WhiteElo "2069"]
[BlackElo "1980"]
[PlyCount "52"]
[EventDate "2007.10.21"]
[EventType "team"]
[EventRounds "11"]
[EventCountry "FRA"]
[SourceTitle "EXT 2009"]
[Source "ChessBase"]
[SourceDate "2008.11.26"]
[SourceVersion "1"]
[SourceVersionDate "2008.11.26"]
[SourceQuality "1"]
[WhiteTeam "Vandoeuvre II"]
[BlackTeam "Saverne"]
[WhiteTeamCountry "FRA"]
[BlackTeamCountry "FRA"]

1. Nf3 Nf6 2. d4 e6 3. e3 d5 4. Bd3 Nbd7 5. Nbd2 Be7 6. 0-0 0-0 7. Qe2 c5 8. c3 b6 9. e4 dxe4 10. Nxe4 Bb7 11. Nxf6+ Bxf6 12. Be4 Bxe4 13. Qxe4 cxd4 14. cxd4 Be7 15. Ne5 Nf6 16. Qb7 Nd5 17. Be3 Qc8 18. Qxc8 Rfxc8 19. Rfc1 Bd6 20. Nd3 Kf8 21. h3 Ke7 22. Kf1 Kd7 23. Ke2 Nb4 24. Nxb4 Bxb4 25. Kd3 Be7 26. g4 g6 1/2-1/2

[Event "FRA-chT Top 16 GpA"]
[Site "France"]
[Date "2007.02.11"]
[Round "3.8"]
[White "Lallemand, Roza"]
[Black "Klipper, Rebecca"]
[Result "1-0"]
[WhiteElo "2202"]
[BlackElo "2039"]
[PlyCount "47"]
[EventDate "2007.02.09"]
[EventType "team"]
[EventRounds "11"]
[EventCountry "FRA"]
[SourceTitle "CBM 116 Extra"]
[Source "ChessBase"]
[SourceDate "2007.03.07"]
[SourceVersion "1"]
[SourceVersionDate "2007.03.07"]
[SourceQuality "1"]
[WhiteTeam "Bischwiller"]
[BlackTeam "Vandoeuvre"]
[WhiteTeamCountry "FRA"]
[BlackTeamCountry "FRA"]

1. e4 c5 2. Nc3 Nc6 3. Bb5 Nd4 4. Bc4 g6 5. Nf3 Bg7 6. Nxd4 cxd4 7. Qf3 e6 8. Nb5 Be5 9. Qa3 Qb6 10. 0-0 Qc6 11. d3 b6 12. f4 a6 13. fxe5 axb5 14. Bxb5 Rxa3 15. Bxc6 Ra5 16. b4 Rxe5 17. Ba4 f6 18. Bb2 b5 19. Bb3 Ke7 20. Bxd4 Rh5 21. a4 e5 22. Bb2 bxa4 23. Rxa4 Nh6 24. Ra8 1-0

[Event "FRA-chT Top 16 GpA"]
[Site "France"]
[Date "2007.02.10"]
[Round "2.8"]
[White "Klipper, Rebecca"]
[Black "Alexieva, Silvia"]
[Result "0-1"]
[WhiteElo "2039"]
[BlackElo "2389"]
[PlyCount "148"]
[EventDate "2007.02.09"]
[EventType "team"]
[EventRounds "11"]
[EventCountry "FRA"]
[SourceTitle "CBM 116 Extra"]
[Source "ChessBase"]
[SourceDate "2007.03.07"]
[SourceVersion "1"]
[SourceVersionDate "2007.03.07"]
[SourceQuality "1"]
[WhiteTeam "Vandoeuvre"]
[BlackTeam "Gonfreville"]
[WhiteTeamCountry "FRA"]
[BlackTeamCountry "FRA"]

1. d4 e6 2. Nf3 c5 3. e3 Nf6 4. Bd3 b6 5. Nbd2 Bb7 6. c3 Nc6 7. 0-0 Qc7 8. dxc5 Bxc5 9. e4 Ng4 10. h3 Nge5 11. Nb3 Nxd3 12. Qxd3 Be7 13. Nbd4 a6 14. Ne2 Ne5 15. Nxe5 Qxe5 16. Ng3 h5 17. Rd1 Rd8 18. Be3 Bc5 19. Bxc5 bxc5 20. Qd6 Qxd6 21. Rxd6 Bc6 22. Nf1 Rb8 23. b3 a5 24. f3 Ke7 25. Rd2 Rb7 26. Ne3 f6 27. Nc4 Ra8 28. e5 a4 29. Rb1 axb3 30. Rxb3 Rxa2 31. exf6+ gxf6 32. Rxb7 Ra1+ 33. Kh2 Bxb7 34. Nd6 Bd5 35. Nf5+ Kf7 36. Ne3 Bc6 37. Kg3 Ra3 38. Rc2 d5 39. Kf2 Ba4 40. Rc1 Ra2+ 41. Kg3 Re2 42. Nf1 Bc2 43. Kh4 Bg6 44. g4 hxg4 45. hxg4 c4 46. g5 Bd3 47. gxf6 Kxf6 48. Kg3 Ke5 49. Nh2 Kd6 50. Ng4 Kc5 51. Ra1 Rc2 52. Ra5+ Kb6 53. Ra3 Rb2 54. Ne5 Bf5 55. Ra1 Rb3 56. Rc1 Kb5 57. Kf2 Rb2+ 58. Ke3 Ka4 59. Nc6 Bd3 60. Nd4 Ra2 61. f4 Ka3 62. Rg1 Rh2 63. Nb5+ Kb2 64. Re1 Rh3+ 65. Kd4 Bf5 66. Re2+ Kc1 67. Re3 Rh2 68. Ke5 Kd2 69. Rg3 Re2+ 70. Kf6 Bd3 71. Rf3 Re1 72. Rh3 Bf5 73. Nd4 Bxh3 74. Nb5 Bf5 0-1

[Event "EU-Cup (Women) 11th"]
[Site "Fuegen"]
[Date "2006.10.14"]
[Round "7.2"]
[White "Jiretorn, Eva"]
[Black "Klipper, Rebecca"]
[Result "1-0"]
[WhiteElo "2109"]
[BlackElo "2054"]
[PlyCount "93"]
[EventDate "2006.10.08"]
[EventType "team-swiss"]
[EventRounds "7"]
[EventCountry "AUT"]
[SourceTitle "EXT 2013"]
[Source "ChessBase"]
[SourceDate "2012.11.22"]
[SourceVersion "1"]
[SourceVersionDate "2012.11.22"]
[SourceQuality "1"]
[WhiteTeam "Stockholm Kristallen (W)"]
[BlackTeam "Vandoeuvre (W)"]
[WhiteTeamCountry "SWE"]
[BlackTeamCountry "FRA"]

1. d4 d5 2. Nf3 c5 3. dxc5 e6 4. c4 Nf6 5. cxd5 Bxc5 6. Nc3 exd5 7. e3 0-0 8. Be2 Nc6 9. 0-0 Bb6 10. Nd4 Nxd4 11. exd4 Ne4 12. Bf3 Bf5 13. Be3 Rc8 14. Qb3 Nxc3 15. bxc3 Be6 16. Rfe1 Qc7 17. Rac1 Rfd8 18. g3 Qc4 19. h4 Rd7 20. Bf4 Ba5 21. Qa3 Bc7 22. Bxc7 Rdxc7 23. Be2 Qc6 24. Qxa7 b6 25. Qa3 Ra8 26. Qb3 Rca7 27. Bb5 Qd6 28. a4 Bf5 29. Re5 Be4 30. c4 Qg6 31. cxd5 f6 32. d6+ Kf8 33. Re6 Qf5 34. d7 Bd5 35. Re8+ Kf7 36. Bc4 Rxe8 37. Bxd5+ Ke7 38. dxe8Q+ Kxe8 39. Re1+ Re7 40. Be6 Qa5 41. Qb5+ Qxb5 42. axb5 Kd8 43. d5 g6 44. d6 Re8 45. f4 f5 46. Kf2 Rf8 47. Rc1 1-0

[Event "FRA-chT (Women)"]
[Site "Clichy"]
[Date "2006.06.25"]
[Round "1"]
[White "Roumegous, Marina"]
[Black "Klipper, Rebecca"]
[Result "1-0"]
[WhiteElo "2167"]
[BlackElo "2074"]
[PlyCount "119"]
[EventDate "2006.06.24"]
[EventType "team"]
[EventRounds "9"]
[EventCountry "FRA"]
[SourceTitle "EXT 2007"]
[Source "ChessBase"]
[SourceDate "2006.11.23"]
[SourceVersion "1"]
[SourceVersionDate "2006.11.23"]
[SourceQuality "1"]

1. d4 Nf6 2. Bg5 Ne4 3. Bf4 c5 4. f3 Qa5+ 5. c3 Nf6 6. d5 d6 7. e4 Nbd7 8. Nd2 b5 9. a4 bxa4 10. Nc4 Qc7 11. Qxa4 Kd8 12. Na5 Nb6 13. Nc6+ Ke8 14. Qa5 a6 15. b4 c4 16. Bxc4 Bb7 17. Bb3 Bxc6 18. dxc6 Qxc6 19. Ba4 Nxa4 20. Qxa4 Qxa4 21. Rxa4 Nd7 22. Ne2 Nb6 23. Ra2 Kd7 24. 0-0 Kc7 25. Rfa1 Kb7 26. Be3 Nc4 27. Bf2 g6 28. b5 a5 29. Ra4 Rc8 30. Nd4 Bg7 31. Nc6 Bxc3 32. Rc1 Nb2 33. Ra2 Bf6 34. Nxa5+ Kb8 35. Nc6+ Rxc6 36. bxc6 Rc8 37. Rb1 Rxc6 38. Raxb2+ Bxb2 39. Rxb2+ Kc7 40. Be3 Kd7 41. Kf2 Ke6 42. f4 f6 43. Rb7 Rc8 44. Kf3 h5 45. h4 Rc3 46. g3 Ra3 47. Rb8 Kf7 48. Rb5 Rc3 49. Rb2 Rc4 50. f5 gxf5 51. exf5 Rg4 52. Rb8 e5 53. fxe6+ Kxe6 54. Rh8 d5 55. Rxh5 Ra4 56. Rh8 d4 57. Bf4 Kf5 58. g4+ Kg6 59. h5+ Kg7 60. Rd8 1-0

[Event "FRA-chT Gp-B"]
[Site "France"]
[Date "2004.04.02"]
[Round "5"]
[White "Klipper, Rebecca"]
[Black "Letreguilly, Olivier"]
[Result "0-1"]
[WhiteElo "2067"]
[BlackElo "2258"]
[PlyCount "80"]
[EventDate "2004.01.30"]
[EventType "team"]
[EventRounds "7"]
[EventCountry "FRA"]
[SourceTitle "EXT 2005"]
[Source "ChessBase"]
[SourceDate "2004.11.15"]
[SourceVersion "1"]
[SourceVersionDate "2004.11.15"]
[SourceQuality "1"]
[WhiteTeam "Vandoeuvre"]
[BlackTeam "Montpellier"]
[WhiteTeamCountry "FRA"]
[BlackTeamCountry "FRA"]

1. d4 e6 2. Nf3 c5 3. e3 d5 4. c3 Nc6 5. Bd3 Bd7 6. Nbd2 c4 7. Bc2 f5 8. h4 Bd6 9. Ng5 Nf6 10. f4 b5 11. Ndf3 h6 12. Nh3 Ne4 13. Nf2 Be7 14. Ne5 Nxe5 15. fxe5 Ng3 16. Rh3 Ne4 17. Nxe4 dxe4 18. Qh5+ Kf8 19. g3 Rb8 20. a3 Be8 21. Qe2 Qd5 22. g4 Bg6 23. Qf2 Ke8 24. Bd1 Kd7 25. Qg2 fxg4 26. Bxg4 h5 27. Be2 Bf5 28. Rh1 Rbg8 29. a4 b4 30. Qf1 Rc8 31. a5 Bg4 32. Bd2 Rcf8 33. Qg2 Bf3 34. Bxf3 exf3 35. Qf2 b3 36. Kf1 Qe4 37. Be1 g5 38. hxg5 Bxg5 39. Bd2 Be7 40. Rh3 Rhg8 0-1

[Event "FRA-chT1"]
[Site "France"]
[Date "2002.02.03"]
[Round "3.9"]
[White "Moingt, Anne"]
[Black "Klipper, Rebecca"]
[Result "1-0"]
[WhiteElo "2167"]
[BlackElo "2072"]
[PlyCount "115"]
[EventDate "2002.02.??"]
[EventType "team"]
[EventRounds "11"]
[EventCountry "FRA"]
[SourceTitle "EXT 2003"]
[Source "ChessBase"]
[SourceDate "2002.11.25"]
[SourceVersion "1"]
[SourceVersionDate "2002.11.25"]
[SourceQuality "1"]
[WhiteTeam "Mulhouse"]
[BlackTeam "Vandoeuvre"]
[WhiteTeamCountry "FRA"]
[BlackTeamCountry "FRA"]

1. e4 c5 2. Nf3 Nc6 3. d4 cxd4 4. Nxd4 g6 5. Nc3 Bg7 6. Nb3 a5 7. a4 Nf6 8. Be2 e6 9. Be3 d5 10. exd5 Nxd5 11. Nxd5 Qxd5 12. Qxd5 exd5 13. 0-0-0 Be6 14. Bf3 Rc8 15. c3 Ne7 16. Rhe1 b6 17. Nd4 Bxd4 18. Bxd4 0-0 19. Bxb6 Rc4 20. Bxa5 Rb8 21. Re3 Rxa4 22. Bb4 Nf5 23. Re5 d4 24. Ra5 Rxa5 25. Bxa5 Bb3 26. Re1 Rb5 27. Bb4 Be6 28. Kc2 Nh4 29. Bc6 Rb6 30. Be4 dxc3 31. bxc3 Ra6 32. g3 Nf5 33. Kd3 Ra2 34. Bc5 Nh6 35. h4 Ng4 36. f3 Ne5+ 37. Kd4 Nd7 38. Bb4 Rd2+ 39. Ke3 Rg2 40. Bd6 Nb6 41. Bc6 Ra2 42. Be5 Ra6 43. Bb5 Ra5 44. Rb1 Nd7 45. Bd4 Ra8 46. c4 Kf8 47. c5 Rc8 48. c6 Nb8 49. Rc1 Bd5 50. c7 Bb7 51. cxb8Q Rxb8 52. Rc7 Bd5 53. Bc4 Bxc4 54. Rxc4 Rb7 55. Bf6 Ke8 56. Re4+ Kf8 57. Rd4 Rb8 58. Rd8+ 1-0

[Event "FRA-chT1"]
[Site "France"]
[Date "2002.??.??"]
[Round "7.9"]
[White "Klipper, Rebecca"]
[Black "Barakoff, Annie"]
[Result "1-0"]
[WhiteElo "2072"]
[BlackElo "2000"]
[PlyCount "73"]
[EventDate "2002.02.??"]
[EventType "team"]
[EventRounds "11"]
[EventCountry "FRA"]
[SourceTitle "EXT 2003"]
[Source "ChessBase"]
[SourceDate "2002.11.25"]
[SourceVersion "1"]
[SourceVersionDate "2002.11.25"]
[SourceQuality "1"]
[WhiteTeam "Vandoeuvre"]
[BlackTeam "Drancy"]
[WhiteTeamCountry "FRA"]
[BlackTeamCountry "FRA"]

1. d4 d5 2. Nf3 Nf6 3. e3 g6 4. Bd3 Bg7 5. Nbd2 Bf5 6. Bxf5 gxf5 7. c4 c6 8. Ne5 0-0 9. Qf3 e6 10. b3 Nbd7 11. Nd3 Rc8 12. Bb2 b6 13. Nf4 Re8 14. Qh3 Ne4 15. Nxe4 fxe4 16. Nh5 Nf6 17. Nxg7 Kxg7 18. f4 Rg8 19. Rf1 Kh8 20. f5 exf5 21. Rxf5 Rg6 22. 0-0-0 Qg8 23. Rdf1 Qd8 24. Rxf6 Rxf6 25. Rxf6 Qg8 26. Rxf7 Qxf7 27. Qxc8+ Kg7 28. Qg4+ Kf8 29. Qf4 Qxf4 30. exf4 Kf7 31. Kd2 Kf6 32. Ke3 Kf5 33. h3 h5 34. g3 a6 35. cxd5 cxd5 36. Ba3 b5 37. Bc5 1-0

[Event "FRA-chT1"]
[Site "France"]
[Date "2002.??.??"]
[Round "8.9"]
[White "Klipper, Rebecca"]
[Black "Dacalor, Aurelie"]
[Result "1/2-1/2"]
[WhiteElo "2072"]
[BlackElo "2137"]
[PlyCount "50"]
[EventDate "2002.02.??"]
[EventType "team"]
[EventRounds "11"]
[EventCountry "FRA"]
[SourceTitle "EXT 2003"]
[Source "ChessBase"]
[SourceDate "2002.11.25"]
[SourceVersion "1"]
[SourceVersionDate "2002.11.25"]
[SourceQuality "1"]
[WhiteTeam "Vandoeuvre"]
[BlackTeam "Orange"]
[WhiteTeamCountry "FRA"]
[BlackTeamCountry "FRA"]

1. d4 Nf6 2. Nf3 d6 3. c4 Bf5 4. Nc3 Nbd7 5. g3 e5 6. Bg2 c6 7. 0-0 Be7 8. Nh4 Bg6 9. f4 0-0 10. fxe5 dxe5 11. Nxg6 hxg6 12. d5 cxd5 13. Nxd5 Nxd5 14. Qxd5 Rc8 15. Be3 Nf6 16. Qxd8 Rfxd8 17. b3 b6 18. Bg5 Bc5+ 19. Kh1 Rd6 20. Bxf6 gxf6 21. Bd5 f5 22. e4 Rf6 23. Rf3 f4 24. gxf4 Rxf4 25. Raf1 Bd6 1/2-1/2